000 00283nam a22001337a 4500
008 170904b xxu||||| |||| 00| 0 eng d
020 _a0618373675
041 _aeng
080 _a070
100 _a40
101 _aMED
245 _aPUBLIC SPEAKING
_cANDREWS,P.H
942 _2udc
_cBK
999 _c26029
_d26029